Projekt bytového domu

Uložené v:
Podrobná bibliografia
Hlavný autor: Gonda, Viktor (Autor)
Ďalší autori: Hanuliak, Peter (Vedúci práce)
Médium: Rukopis Kniha
Jazyk:Slovak
Vydavateľské údaje: 2024
Predmet:
On-line prístup:http://is.stuba.sk/zp/portal_zp.pl?podrobnosti=156914
Tagy: Pridať tag
Žiadne tagy, Buďte prvý, kto otaguje tento záznam!

MARC

LEADER 00000ntm a22000003a 4500
001 stuzp94998
003 SK-STU
005 20240629210822.8
007 ta
008 150427s2015----xo-----f-mn---000-0-slo-d
040 |a STU  |b slo 
041 0 |a slo 
100 1 |a Gonda, Viktor  |u 010180  |4 aut  |U SvF Stavebná fakulta  |T SvF Katedra konštrukcií pozemných stavieb  |X 104657  |U V180  |Y 18  |7 104657 
242 0 1 |a Residential Building Project  |y eng 
245 1 0 |a Projekt bytového domu 
260 |c 2024 
650 4 |a bakalárska práca  |2 slo 
650 4 |a bytový dom  |2 slo 
650 4 |a novostavba  |2 slo 
650 4 |a objekt  |2 slo 
650 4 |a bachelor thesis  |2 eng 
650 4 |a apartment house  |2 eng 
650 4 |a new building  |2 eng 
650 4 |a building  |2 eng 
700 1 |a Hanuliak, Peter  |u 010180  |k Z1  |4 ths  |U SvF Stavebná fakulta  |T SvF Katedra konštrukcií pozemných stavieb  |X 11280  |U V180  |Y 18  |7 A000011280 
856 4 |u http://is.stuba.sk/zp/portal_zp.pl?podrobnosti=156914